000 00252nam a2200109Ia 4500
999 _c9382
_d9382
020 _a978-0-273-74093-3
100 _aLinden Brown
245 0 _aCompetitive Marketing Strategy
260 _aNew Jersey
_bPrentice Hall
_c2000
300 _a308
942 _cBK